Country Capitals of the World in Alphabetical Order - Statistics

General Stats
  • This quiz has been taken 34 times
  • The average score is 114 of 200
Answers on the Map
Answers color-coded by a green-red scale on the quiz's map according to % correct below.
 
Answer Stats
Answer % Correct
Abu Dhabi
89%
Addis Ababa
89%
Algiers
89%
Amman
89%
Amsterdam
89%
Andorra la Vella
89%
Ankara
89%
Apia
89%
Abuja
78%
Accra
78%
Antananarivo
78%
Ashgabat
78%
Astana
78%
Athens
78%
Bamako
78%
Bangkok
78%
Banjul
78%
Basseterre
78%
Beijing
78%
Beirut
78%
Belgrade
78%
Belmopan
78%
Berlin
78%
Bern
78%
Bishkek
78%
Bissau
78%
Brasília
78%
Bratislava
78%
Bridgetown
78%
Brussels
78%
Asmara
67%
Asunción
67%
Baghdad
67%
Baku
67%
Bandar Seri Begawan
67%
Bangui
67%
Bloemfontein
67%
Bogotá
67%
Brazzaville
67%
Bucharest
67%
Budapest
67%
Buenos Aires
67%
Cairo
67%
Canberra
67%
Cape Town
67%
Caracas
67%
Chișinău
67%
Conakry
67%
Copenhagen
67%
Dakar
67%
Dhaka
67%
Djibouti
67%
Dodoma
67%
Doha
67%
Dublin
67%
Dushanbe
67%
Georgetown
67%
Guatemala City
67%
Hanoi
67%
Harare
67%
Havana
67%
Helsinki
67%
Jerusalem
67%
Juba
67%
Kampala
67%
Kathmandu
67%
Kiev
67%
Kigali
67%
Kingston
67%
Kingstown
67%
Kuala Lumpur
67%
Kuwait City
67%
Lisbon
67%
Ljubljana
67%
Lomé
67%
London
67%
Luxembourg
67%
Madrid
67%
Majuro
67%
Managua
67%
Manama
67%
Maputo
67%
Mexico City
67%
Minsk
67%
Monaco
67%
Montevideo
67%
Moscow
67%
Nairobi
67%
Damascus
56%
Dili
56%
Freetown
56%
Funafuti
56%
Gaborone
56%
Gitega
56%
Honiara
56%
Islamabad
56%
Jakarta
56%
Kabul
56%
La Paz
56%
Lima
56%
Luanda
56%
Lusaka
56%
Malabo
56%
Malé
56%
Manila
56%
Mbabane
56%
Mogadishu
56%
Monrovia
56%
Moroni
56%
Muscat
56%
Nassau
56%
Niamey
56%
Nicosia
56%
Oslo
56%
Ottawa
56%
Panama City
56%
Paramaribo
56%
Paris
56%
Quito
56%
Castries
44%
Cotonou
44%
Khartoum
44%
Kinshasa
44%
Libreville
44%
Lilongwe
44%
Maseru
44%
N'Djamena
44%
New Delhi
44%
Nuku'alofa
44%
Palikir
44%
Phnom Penh
44%
Port-au-Prince
44%
Port Moresby
44%
Port of Spain
44%
Port VIla
44%
Prague
44%
Pretoria
44%
Pristina
44%
Pyongyang
44%
Rabat
44%
Reykjavik
44%
Riga
44%
Riyadh
44%
Rome
44%
Sanaa
44%
San José
44%
San Marino
44%
Santiago
44%
Santo Domingo
44%
Sarajevo
44%
Seoul
44%
Skopje
44%
Sofia
44%
Stockholm
44%
Suva
44%
Taipei
44%
Tallinn
44%
Tashkent
44%
Tbilisi
44%
Thimphu
44%
Tirana
44%
Tokyo
44%
Tripoli
44%
Tunis
44%
Ulaanbaatar
44%
Vaduz
44%
Valletta
44%
Vatican City
44%
Victoria
44%
Vienna
44%
Vientiane
44%
Vilnius
44%
Warsaw
44%
Washington D.C.
44%
Wellington
44%
Windhoek
44%
Yaren
44%
Yerevan
44%
Zagreb
44%
Naypyidaw
33%
Ngerulmud
33%
Nouakchott
33%
Ouagadougou
33%
Podgorica
33%
Port Louis
33%
Porto-Novo
33%
Praia
33%
Roseau
33%
San Salvador
33%
São Tomé
33%
Singapore
33%
Sri Jayawardenapura Kotte
33%
St. George's
33%
St. John's
33%
Sucre
33%
Tegucigalpa
33%
Tehran
33%
Yamoussoukro
33%
Yaoundé
33%
South Tarawa
22%
No matching quizzes found
Score Distribution
Percent of People with Each Score
Percentile by Number Answered
Your Score History
You have not taken this quiz